Les sports les plus pratiqués dans le monde - Statistiques

Statistiques générales
  • Ce quiz a été pris 522 fois
  • Le résultat moyen est 6 sur 10
Statistiques - réponses
Première Lettre Réponse % Correct
F Football
100%
B Basketball
84%
T Tennis
82%
G Golf
64%
B Baseball
62%
V Volley-Ball
57%
C Cricket
55%
T Tennis de table
40%
F Football américain
37%
H Hockey sur gazon
25%
Aucun quiz correspondant
Distribution des résultats
% des personnes avec chaque résultat
Percentile par nombre de réponses
Votre historique - résultats
Vous n’avez pas pris ce quiz